| 000 | 01226nam a22002894a 4500 | ||
|---|---|---|---|
| 001 | 509 | ||
| 003 | BR-RjBN | ||
| 005 | 20260520081508.0 | ||
| 008 | 180322s2018 rj 000 f por d | ||
| 020 | _a9788551003053 | ||
| 040 | _bpor | ||
| 041 | 1 |
_apor _heng |
|
| 082 |
_a813 _bA333c |
||
| 100 |
_aAlbertalli, Becky. _91092 |
||
| 240 | 1 | 0 | _aSimon vs. the Homo Sapiens Agenda. |
| 245 | 1 | 0 |
_aCom amor, Simon _b / _cBecky Albertalli. |
| 260 |
_aRio de Janeiro : _bIntrínseca, _c2018. |
||
| 300 | _a272 p. ; | ||
| 520 | _aEncantadora história de amor que questiona os padrões sociais, a obra acompanha Simon Spier, um adolescente de dezesseis anos que é gay, mas ainda não revelou sua orientação sexual para a família e os amigos. Enquanto troca e-mails com um garoto misterioso conhecido como Blue, Simon precisa lidar com dúvidas, inseguranças e uma chantagem inesperada. Com leveza e humor, o romance aborda identidade, aceitação e amadurecimento na adolescência. | ||
| 650 | 0 |
_aLiteratura Americana _984 |
|
| 650 | 0 |
_aAdolescência. _91093 |
|
| 650 | 0 |
_aHomossexualidade. _91097 |
|
| 650 | 0 |
_aRelacionamentos amorosos. _91098 |
|
| 655 | 0 | _aRomance juvenil. | |
| 655 | 0 |
_aFicção. _922 |
|
| 942 |
_2ddc _n0 _cBK |
||
| 999 |
_c509 _d509 |
||